000 00438nam a2200193 a 4500
001 1767512548332
003 ACL
005 20260104131434.0
008 260104s2009##################000#0#eng##
020 _a9780752890111
082 0 4 _a649.132
_bPAL
100 1 _aPalmer, Sue,
_eauthor.
245 1 0 _a21st Century Boys :
260 _c2009.
300 _a342 pages
650 0 _aBoys.
942 _cENGLISH
040 _aACL
_beng
_cACL
999 _c607150
_d607150